<?xml version="1.0" encoding="UTF-8"?>
<record
    xmlns:xsi="http://www.w3.org/2001/XMLSchema-instance"
    xsi:schemaLocation="http://www.loc.gov/MARC21/slim http://www.loc.gov/standards/marcxml/schema/MARC21slim.xsd"
    xmlns="http://www.loc.gov/MARC21/slim">

  <leader>03743nam a2200565Ia 4500</leader>
  <controlfield tag="001">114</controlfield>
  <controlfield tag="008">241029s9999    xx            000 0 und d</controlfield>
  <datafield tag="010" ind1=" " ind2=" ">
    <subfield code="a">95</subfield>
  </datafield>
  <datafield tag="041" ind1=" " ind2=" ">
    <subfield code="a">Espa&#xF1;ol</subfield>
  </datafield>
  <datafield tag="082" ind1=" " ind2=" ">
    <subfield code="a">ISFODOU TMLA 12-0002 BFEM EJ.1</subfield>
  </datafield>
  <datafield tag="245" ind1=" " ind2="0">
    <subfield code="a">Estrategia para el fomento de la lectura en 2do. Ciclo del Nivel B&#xE1;sico en el Distrito Educativo 04-06 Haina-Nigua, Provincia San Crist&#xF3;bal, 2011-2012.</subfield>
  </datafield>
  <datafield tag="260" ind1=" " ind2=" ">
    <subfield code="a">Santo Domingo</subfield>
  </datafield>
  <datafield tag="300" ind1=" " ind2=" ">
    <subfield code="a">70</subfield>
  </datafield>
  <datafield tag="520" ind1=" " ind2=" ">
    <subfield code="a">9</subfield>
  </datafield>
  <datafield tag="630" ind1=" " ind2=" ">
    <subfield code="a">Docentes</subfield>
  </datafield>
  <datafield tag="630" ind1=" " ind2=" ">
    <subfield code="a">Estrategia Docente</subfield>
  </datafield>
  <datafield tag="630" ind1=" " ind2=" ">
    <subfield code="a">Estudiantes</subfield>
  </datafield>
  <datafield tag="630" ind1=" " ind2=" ">
    <subfield code="a">H&#xE1;bito de Lectura</subfield>
  </datafield>
  <datafield tag="650" ind1=" " ind2=" ">
    <subfield code="a">Lengua Espa&#xF1;ola</subfield>
  </datafield>
  <datafield tag="690" ind1=" " ind2=" ">
    <subfield code="a">Elaborado</subfield>
  </datafield>
  <datafield tag="700" ind1=" " ind2=" ">
    <subfield code="e">asesor</subfield>
    <subfield code="a">Espinal , Olga</subfield>
  </datafield>
  <datafield tag="700" ind1=" " ind2=" ">
    <subfield code="e">autor</subfield>
    <subfield code="a"> Alc&#xE1;ntara Marrero , Juana Evangelista</subfield>
  </datafield>
  <datafield tag="700" ind1=" " ind2=" ">
    <subfield code="e">autor</subfield>
    <subfield code="a">Pinales Guerrero , Candiolina</subfield>
  </datafield>
  <datafield tag="901" ind1=" " ind2=" ">
    <subfield code="a">{"1":" Alc&#xE1;ntara Marrero ","2":"Pinales Guerrero "}</subfield>
    <subfield code="b">{"1":"Juana Evangelista","2":"Candiolina"}</subfield>
  </datafield>
  <datafield tag="902" ind1=" " ind2=" ">
    <subfield code="a">1</subfield>
  </datafield>
  <datafield tag="903" ind1=" " ind2=" ">
    <subfield code="a">{"1":"Espinal "}</subfield>
    <subfield code="b">{"1":"Olga"}</subfield>
  </datafield>
  <datafield tag="904" ind1=" " ind2=" ">
    <subfield code="a">Mag&#xED;ster en</subfield>
  </datafield>
  <datafield tag="905" ind1=" " ind2=" ">
    <subfield code="a">Ling&#xFC;&#xED;stica Aplicada</subfield>
  </datafield>
  <datafield tag="906" ind1=" " ind2=" ">
    <subfield code="a">1</subfield>
  </datafield>
  <datafield tag="907" ind1=" " ind2=" ">
    <subfield code="a">Orientada en</subfield>
  </datafield>
  <datafield tag="908" ind1=" " ind2=" ">
    <subfield code="a">Ense&#xF1;anza de la Lengua Espa&#xF1;ola</subfield>
  </datafield>
  <datafield tag="909" ind1=" " ind2=" ">
    <subfield code="a">ISFODOSU, Recinto F&#xE9;lix Evaristo Mej&#xED;a</subfield>
  </datafield>
  <datafield tag="910" ind1=" " ind2=" ">
    <subfield code="a">NULL</subfield>
    <subfield code="b">NULL</subfield>
  </datafield>
  <datafield tag="911" ind1=" " ind2=" ">
    <subfield code="a">["1"]</subfield>
  </datafield>
  <datafield tag="912" ind1=" " ind2=" ">
    <subfield code="a">NO APLICA</subfield>
  </datafield>
  <datafield tag="913" ind1=" " ind2=" ">
    <subfield code="a">NULL</subfield>
  </datafield>
  <datafield tag="914" ind1=" " ind2=" ">
    <subfield code="a">02 de Julio de 2012</subfield>
  </datafield>
  <datafield tag="915" ind1=" " ind2=" ">
    <subfield code="a">21/12/19 12:12</subfield>
  </datafield>
  <datafield tag="916" ind1=" " ind2=" ">
    <subfield code="a">NULL</subfield>
  </datafield>
  <datafield tag="917" ind1=" " ind2=" ">
    <subfield code="a">NULL</subfield>
  </datafield>
  <datafield tag="918" ind1=" " ind2=" ">
    <subfield code="a">NO APLICA</subfield>
  </datafield>
  <datafield tag="919" ind1=" " ind2=" ">
    <subfield code="a">["70","94","96","115"]</subfield>
  </datafield>
  <datafield tag="520" ind1=" " ind2=" ">
    <subfield code="a">Los principales prop&#xF3;sito de este estudio consistieron en identificar las estrategias que utilizan los maestros pertenecientes al Distrito Educativo 04-06, Haina-Nigua para fomentar la lectura en el aula. Analizar las estrategias para el fomentar la lectura en el 2do ciclo del nivel b&#xE1;sico en el Distrito 04-06- Haina-Nigua e identificar el ambiente familiar de los estudiantes en relaci&#xF3;n con el h&#xE1;bito de lectura.La metodolog&#xED;a utilizada fue de enfoque cuantitativo. Se fundament&#xF3; en el m&#xE9;todo anal&#xED;tico e inductivo y las t&#xE9;cnicas empleadas fueron la observaci&#xF3;n, preguntas, an&#xE1;lisis, encuestas y entrevistas. Se trabaj&#xF3; con una poblaci&#xF3;n de 1600 estudiantes y 40 maestros de la poblaci&#xF3;n escolar, perteneciente al Distrito Educativo 04-06 Haina-Nigua, Provincia San Crist&#xF3;bal, compuesta por 41 escuelas que imparten el Nivel B&#xE1;sico. Como muestra se tom&#xF3; 240 estudiantes que representaron el 15% de la poblaci&#xF3;n Segundo Ciclo del Nivel B&#xE1;sico; de los cuales 144 correspond&#xED;an al sexo femenino. &#xA0; &#xA0;El estudio concluy&#xF3; que los profesores del Nivel B&#xE1;sico de los cursos 5to, 6to, 7mo y 8vo siguen utilizando estrategias tradicionales para fomentar la lectura en los estudiantes y no est&#xE1;n aplicando estrategias que se aplican en la actualidad para ense&#xF1;ar la lectura establecida por el curr&#xED;culo, la lectura en los estudiantes del 2do ciclo del Distrito Educativo 04-06 son altas y deficientes. En relaci&#xF3;n al ambiente familiar con el h&#xE1;bito de lectura la investigaci&#xF3;n arroj&#xF3; que el nivel de educaci&#xF3;n de los padres es de educaci&#xF3;n primaria y secundaria representando el 74% y un 11.62% sin escolaridad. Lo cual no les ayuda a aportar a sus hijos el incentivo ni la ayuda necesaria para el seguimiento.El estudio recomend&#xF3;, que se deben planificar las actividades de animaci&#xF3;n lectora y el espacio en que se va a realizar, promover la utilizaci&#xF3;n de diccionarios y libros, utilizar distintos tipos de lecturas, fomentar el uso de la biblioteca, orientar las familias en la colaboraci&#xF3;n de estas con el centro y al Distrito, que elabore un programa de fomento a la lectura en los Municipios Haina y Nigua. &#xA0; &#xA0; &#xA0;</subfield>
  </datafield>
  <datafield tag="921" ind1=" " ind2=" ">
    <subfield code="a">16</subfield>
  </datafield>
  <datafield tag="922" ind1=" " ind2=" ">
    <subfield code="a">16</subfield>
  </datafield>
  <datafield tag="923" ind1=" " ind2=" ">
    <subfield code="a">0</subfield>
  </datafield>
  <datafield tag="924" ind1=" " ind2=" ">
    <subfield code="a">NO APLICA</subfield>
  </datafield>
  <datafield tag="942" ind1=" " ind2=" ">
    <subfield code="c">Tesis</subfield>
  </datafield>
  <datafield tag="999" ind1=" " ind2=" ">
    <subfield code="c">95</subfield>
    <subfield code="d">95</subfield>
  </datafield>
</record>
